Представление документа в формате MARC21

Поле Инд. ПП Название Значение
Тип записи a
Библиографический уровень m
001 Контрольный номер RU/LIBMSTU/271435927
005 Дата корректировки 20160127104228.0
020 00 a ISBN 5-238-00248-3
c Цена, тираж 120-00
084 a Индекс другой классификации/Индекс ББК 67.1+66.1
090 00 a Полочн. индекс 67.1
x Авторский знак И 90
245 00 a Заглавие История политико-правовых учений
b Продолж. заглавия учеб. пособие для вузов
c Ответственность В. Г. Пахомов [и др.] ; под ред. А. Н. Хорошилова
260 00 a Место издания Москва
b Издательство Юнити
c Дата издания 2001
300 00 a Объем 344 с.
650 _4 a Основная рубрика Политико-правовые учения
653 00 a Ключевые слова Естественное право
a Ключевые слова Либерализм
a Ключевые слова Политические учения
a Ключевые слова Правовые учения
a Ключевые слова Философия права
700 12 a Другие авторы Пахомов В. Г.
700 12 a Другие авторы Хорошилов А. Н.
700 12 a Другие авторы Амаглобели Н. Д.
700 12 a Другие авторы Борисова Н. Е.
952 c Вид литературы учебное пособие
990 00 f Даты поступлений (DOS) 12.02